000 00371 a2200157 4500
001 149431
040 _cEscola São Tomás de Aquino
100 _aNERY, Salvador Barletta
240 1 0 _aO olhar de pincel
_lpor
245 1 0 _aO olhar de pincel
300 _a15
362 0 _a2009
440 1 _aEditora do Brasil
697 _a*LITERATURA INFANTO JUVENIL
942 _cBK
999 _c149431
_d149431